00593nam a2200133Ia 4500008004100000082002200041245008900063260001900152300001100171440004600182650011800228952009600346999001700442120622s9999 xx 000 0 und d a344.046 D637s v.7 aBibliografia y hemerografia sobre el derecho ambiental en America Latina y el Caribe aMexico : PNUMA a143 p. aDocumentos sobre derecho ambiental ; no.7 a1. CONTROL AMBIENTAL - AMERICA LATINA - BIBLIOGRAFIAS \ 2. CONTROL AMBIENTAL - CARIBE (REGION) - BIBLIOGRAFIASÌ 00104070a01b01d2007-01-25l0o344.046 D637S V.7p01 009257r2012-06-24w2012-06-24yLB c59350d59350